| 000 | 00484nam a2200169Ia 4500 | ||
|---|---|---|---|
| 008 | 240729s9999 xx 000 0 und d | ||
| 022 | _a2734-4754 | ||
| 245 | 0 | _aJournal of Education, Society & Multiculturalism | |
| 260 | _aPoland | ||
| 260 | _bSciendo | ||
| 650 | _a Education (General) | Education | ||
| 650 | _a Theory and practice of education | ||
| 650 | _aEducation | ||
| 856 | _uhttps://doaj.org/toc/dcaeb7f2c750409a83f1ebfbadb6178a | ||
| 942 | _2ddc | ||
| 942 | _cDOAJEJ | ||
| 999 |
_c70338 _d70338 |
||
| 945 |
_a1 _bMadushi Gamage _c1 _dMadushi Gamage |
||